Statistics for Stamps of the World 4

Click here to take the quiz!

General Stats

  • This quiz has been taken 14 times
  • The average score is 12 of 15

Answer Stats

Answer% Correct
Algeria
100%
Czech Republic
100%
Vietnam
100%
Finland
91%
Iran
91%
Iraq
91%
Israel
91%
Turkey
91%
United Kingdom
91%
Sweden
82%
Cyprus
64%
Pakistan
64%
Hong Kong
45%
Sri Lanka
45%
Macau
27%

Score Distribution

Percentile by Number Answered

Percent of People with Each Score

Your Score History

You have not taken this quiz